Statistiques concernant Lieux touristiques (Nord-Pas-de-Calais)

Cliquez ici pour prendre le quiz!

Statistiques générales

  • Ce quiz a été pris 40 fois
  • Le résultat moyen est 2 sur 12

Statistiques - réponses

VisiteursRéponse% Correct
482 800Louvre-Lens
82%
873 400Nausicaa
48%
257 800Palais des Beaux-Arts
27%
316 200Bagatelle
21%
307 600Zoo de Lille
21%
220 000Dennlys Parc
9%
174 200Mémorial de Vimy
6%
275 000Notre-Dame de Lorette
6%
680 000Olhain
6%
286 000Val Joly
6%
484 900Parc du Héron
3%
585 300Gare Saint-Sauveur
0%

Distribution des résultats

Percentile par nombre de réponses

% des personnes avec chaque résultat

Votre développement - résultats

Vous n’avez pas pris ce quiz